000 00575cam a22002051 4500
001 af 48003542
003 DLC
005 20260227110903.0
008 890422s1946 ne 000 1 dut c
010 _aaf 48003542
035 _a(OCoLC)19584674
040 _aCalifornia. Univ. Libr.
_cCU
_dDLC
042 _apremarc
050 0 0 _aPT5844.J33
_bV5
100 1 _aJacobs, Jan W.,
_d1895-
245 1 3 _aDe vlek,
_been novelle.
260 _aAmsterdam,
_bBlauwe Lucht,
_c1946.
300 _a47 p.
_c17 cm.
651 0 _aNetherlands
_xHistory
_yGerman occupation, 1940-1945
_vFiction.
999 _c5643
_d5643